Atlas, arquitecturas del siglo XXI. (Record no. 182612)

MARC details
000 -LEADER
campo de control de longitud fija 00988nam a2200265 i 4500
001 - NÚMERO DE CONTROL
campo de control 182612
003 - IDENTIFICADOR DE NÚMERO DE CONTROL
campo de control ES-MaACL
005 - FECHA Y HORA DE LA ÚLTIMA TRANSACCIÓN
campo de control 20251015185549.0
008 - DATOS DE LONGITUD FIJA--INFORMACIÓN GENERAL
campo de control de longitud fija 131003s2012 sp a | |||||||| |dspa d
020 ## - NÚMERO INTERNACIONAL ESTÁNDAR DEL LIBRO
Número Internacional Estándar del Libro 978-84-92937-40-0
080 ## - NÚMERO DE LA CLASIFICACIÓN DECIMAL UNIVERSAL
Número de la Clasificación Decimal Universal 72.036(4)
245 00 - MENCIÓN DEL TÍTULO
Título Atlas, arquitecturas del siglo XXI.
Nombre de parte o sección de la obra Europa /
Mención de responsabilidad, etc. Luis Fernández-Galiano (ed.) ; [traducciones, María Cifuentes, Laura Fernández, Eduardo Prieto, Lys Villalba].
250 ## - MENCION DE EDICION
Mención de edición 1ª ed.
260 ## - PUBLICACIÓN, DISTRIBUCIÓN, ETC.
Lugar de publicación, distribución, etc. Bilbao :
Nombre del editor, distribuidor, etc. Fundación BBVA,
Fecha de publicación, distribución, etc. 2012.
300 ## - DESCRIPCIÓN FÍSICA
Extensión 317 p. :
Otras características físicas principalmente il. col. y n., planos ;
Dimensiones 30 cm.
650 #7 - PUNTO DE ACCESO ADICIONAL DE MATERIA--TÉRMINO DE MATERIA
Término de materia o nombre geográfico como elemento de entrada Arquitectura europea
Fuente del encabezamiento o término
9 (RLIN) 153526
700 1# - ENTRADA AGREGADA--NOMBRE PERSONAL
Nombre de persona Fernández Galiano, Luis A.
9 (RLIN) 49800
700 1# - ENTRADA AGREGADA--NOMBRE PERSONAL
Nombre de persona Cifuentes, María
9 (RLIN) 153524
700 1# - ENTRADA AGREGADA--NOMBRE PERSONAL
Nombre de persona Prieto, Eduardo J.,
Fechas asociadas al nombre 1916-
9 (RLIN) 93878
700 1# - ENTRADA AGREGADA--NOMBRE PERSONAL
Nombre de persona Villalba, Lys.
9 (RLIN) 153525
700 0# - ENTRADA AGREGADA--NOMBRE PERSONAL
Nombre de persona Fernández, Laura.
9 (RLIN) 49396
852 ## - LOCALIZACIÓN
Ubicación ES-MaACL
Número de control de estantería A-12860
itemnumber 189528
Sublocalización o colección R.149096
Ubicación en estantería Depósito 1
Signatura antigua Olim: N-5860
942 ## - ELEMENTOS DE ENTRADA SECUNDARIOS (KOHA)
Fuente del sistema de clasificación o colocación Clasificación decimal universal
Tipo de ítem Koha Libro impreso
Holdings
Estatus retirado Estado de pérdida Fuente del sistema de clasificación o colocación Estado de daño No para préstamo Biblioteca de origen Biblioteca actual Ubicación en estantería Fecha de adquisición Fuente de adquisición Total de préstamos Signatura topográfica completa Código de barras Visto por última vez Precio de reemplazo Tipo de ítem Koha
    Clasificación decimal universal     Biblioteca del Ateneo de Madrid Biblioteca del Ateneo de Madrid Depósito 1 03/10/2013 Donación   A-12860 1191912 23/02/2023 23/02/2023 Libro impreso